<?xml version="1.0" encoding="UTF-8"?>
<collection xmlns="http://www.loc.gov/MARC21/slim">
 <record>
  <leader>02049nam a2200205Ia 4500</leader>
  <controlfield tag="001">CTU_91790</controlfield>
  <controlfield tag="008">210402s9999    xx            000 0 und d</controlfield>
  <datafield tag="020" ind1=" " ind2=" ">
   <subfield code="c">30000</subfield>
  </datafield>
  <datafield tag="082" ind1=" " ind2=" ">
   <subfield code="a">895.9223</subfield>
  </datafield>
  <datafield tag="082" ind1=" " ind2=" ">
   <subfield code="b">Ph250</subfield>
  </datafield>
  <datafield tag="100" ind1=" " ind2=" ">
   <subfield code="a">Nguyễn, Khắc Phê</subfield>
  </datafield>
  <datafield tag="245" ind1=" " ind2="0">
   <subfield code="a">Thập giá giữa rừng sâu (tiểu thuyết)</subfield>
  </datafield>
  <datafield tag="245" ind1=" " ind2="0">
   <subfield code="c">Nguyễn Khắc Phê</subfield>
  </datafield>
  <datafield tag="260" ind1=" " ind2=" ">
   <subfield code="a">Tp.Hồ Chí Minh</subfield>
  </datafield>
  <datafield tag="260" ind1=" " ind2=" ">
   <subfield code="b">Trẻ</subfield>
  </datafield>
  <datafield tag="260" ind1=" " ind2=" ">
   <subfield code="c">2002</subfield>
  </datafield>
  <datafield tag="520" ind1=" " ind2=" ">
   <subfield code="a">Cây thập- giá-sống trên đỉnh Yên Ngựa đã kết thúc vai trò của mình, nhưng cuộc sống thì vẫn tiếp tục dòng chảy sôi động mà hỗn tạp của nó, nên trước lúc hạ màn vở diễn, các diễn viên cũng phải có đôi lời chào và hẹn ngày tái ngộ, nếu như ít nhiều nó để lại được dư âm trong lòng độc giả.  Đúng như lời Đức dặn lại hai bà giàm đến sáng thì dân làng Sim rõ mọi chuyện. Nói vậy, chứ mọi chuyện làm sao rõ ngay được; ví như cái giống quái quỷ gieo vụng trộm khi Đức còn bị trói tay trên đỉnh Yên Ngựa liệu có mọc mầm không thì nhanh ra cũng mươi ngày nửa tháng nữa mới biết (tức là phải đợi xem cô Hòa có tắt ... báo động đỏ theo kỳ hạn hàng tháng của chị em không ?); như thế, bài toán vẫn chỉ như một phương trình bậc hai mới tìm được một ẩn số (biết đâu hạt giống mọc mầm lại chính là của Đức gieo trước ngày bị biến thành cây thập-giá-sống?); Thực ra đứa con trong bụng Hòa là của Đức hay của Mậu? Câu chuyện xảy ra như thế nào?</subfield>
  </datafield>
  <datafield tag="650" ind1=" " ind2=" ">
   <subfield code="a">Vietnamese literature</subfield>
  </datafield>
  <datafield tag="904" ind1=" " ind2=" ">
   <subfield code="i">Tuyến</subfield>
  </datafield>
  <datafield tag="980" ind1=" " ind2=" ">
   <subfield code="a">Trung tâm Học liệu Trường Đại học Cần Thơ</subfield>
  </datafield>
 </record>
</collection>
